2017-2018 Cleveland Cavaliers - Statistics

General Stats
  • This quiz has been taken 83 times
  • The average score is 10 of 17
Answer Stats
Position: Age: Height: Number: Player: % Correct
SF 32 6-8 23 LeBron James
100%
PF 29 6-10 0 Kevin Love
95%
SG 32 6-6 5 JR Smith
85%
C 26 6-9 13 Tristan Thompson
85%
PG 28 5-9 3 Isaiah Thomas
75%
PG 29 6-3 1 Derrick Rose
68%
SG 35 6-4 9 Dwyane Wade
68%
PF 27 6-6 99 Jae Crowder
67%
SF 22 6-8 16 Cedi Osman
51%
SG 27 6-5 4 Iman Shumpert
48%
SG 36 6-7 26 Kyle Korver
47%
SF 31 6-9 32 Jeff Green
42%
PF 34 6-11 8 Channing Frye
39%
PG 36 6-3 81 Jose Calderon
39%
PF 20 6-11 41 Ante Zizic
32%
SG 29 6-5 10 John Holland
14%
PG 23 6-2 15 London Perrantes
11%
No matching quizzes found
Score Distribution
Percent of People with Each Score
Percentile by Number Answered
Your Score History
You have not taken this quiz